Birth And Death Of Meaning (Record no. 586323)

MARC details
000 -LEADER
fixed length control field 00617nam a22001937a 4500
008 - FIXED-LENGTH DATA ELEMENTS--GENERAL INFORMATION
fixed length control field 250910b |||||||| |||| 00| 0 eng d
020 ## - INTERNATIONAL STANDARD BOOK NUMBER
ISBN 9780029021903
Paper back/Hardbound pbk
041 ## - LANGUAGE CODE
Language code of text/sound track or separate title eng
082 ## - DEWEY DECIMAL CLASSIFICATION NUMBER
Classification number 128.3
Item number BEC
100 ## - MAIN ENTRY--AUTHOR NAME
Personal name Becker, Ernest
245 ## - TITLE STATEMENT
Title Birth And Death Of Meaning
Sub Title :
Statement of responsibility, etc Ernest Becker
260 ## - PUBLICATION, DISTRIBUTION, ETC. (IMPRINT)
Place of publication London
Name of publisher The Free Press
Year of publication c1971
300 ## - PHYSICAL DESCRIPTION
Number of Pages x, 228 p.
Dimensions 24 cm.
504 ## - BIBLIOGRAPHY, ETC. NOTE
Bibliography, etc Includes bibliographies and index
520 ## - SUMMARY, ETC.
Summary, etc Uses the disciplines of psychology, anthropology, sociology and psychiatry to explain what makes people act the way they do
650 ## - SUBJECT ADDED ENTRY--TOPICAL TERM
Topical Term Parapsychology
942 ## - ADDED ENTRY ELEMENTS (KOHA)
Koha item type English Books
Holdings
Withdrawn status Lost status Damaged status Not for loan Home library Current library Shelving location Date acquired Full call number Accession Number Price effective from Koha item type
        Anna Centenary Library Anna Centenary Library 3RD FLOOR, A WING 16.12.2010 128.3 BEC 458774 10.09.2025 English Books

Find us on the map